000 00528nam a22001817a 4500
003 UA-OsUOA
001 25521
007 ta
008 20040322b un ||||| |||| 00| 0 ukr d
100 _aОнишко С.В.
942 _cSA
040 _aUA-OsUOA
_cUA-OsUOA
_dUA-OsUOA
245 _aРеалізація властивостей системи інноваційного розвитку
300 _aС.113-117
955 _a0
773 0 _w0
_tФінанси України
_d2004
_dN3
650 7 _aІнвестиції
_2UDC
999 _c311819
_d311819